Forum für osteuropäische Ideen- und Zeitgeschichte. - Stuttgart

Titel: Forum für osteuropäische Ideen- und Zeitgeschichte. - Stuttgart : Ibidem-Verl.. - 1997 [Rezension]
Verfasser:
In: Wissenschaftlicher Literaturanzeiger, Band 48, Heft 1 (2009)
alle Artikel anzeigen
Veröffentlicht: 2009
Format: Aufsatz
Sprache: Deutsch
Kein Bild verfügbar
X
alg: 39491780
001A    $01999:12-11-16 
001B    $06050:27-12-18 $t11:22:50.000 
001D    $01999:12-11-16 
001U    $0utf8 
001X    $00 
002@    $0Oox 
003@    $0394917804 
007A    $0394917804 $aHEB 
007T    $0Herdc0049299m 
009Q    $uhttp://www.wla-online.de/katalogdetail/items/2631.html $xH 
010@    $ager 
011@    $a2009 
016A    $aDg 
021A    $aForum für osteuropäische Ideen- und Zeitgeschichte. - Stuttgart $dIbidem-Verl.. -  1997 [Rezension] 
028A    $aPetersen $dHans-Christian 
031A    $d48 $e1 $j2009 
037A    $aRezension des Bandes 12, (2008) zum thema "Deutsche Russlandbilder im 20. und 21. Jahrhundert" 
039B    $aIn $8--Obvc--. Wissenschaftlicher Literaturanzeiger. - Wetzlar : Verlag der Göttinger Miszellen, 2004-. - Online-Ressource. - ISSN 0341-8723 $x200900000480001999 $9126249717 
039T    $8--Abvc--. Forum für osteuropäische Ideen- und Zeitgeschichte. - Stuttgart : Ibidem-Verl., 1997-. - ISSN 1433-4887 $9055401252 
045T    $aAVL $qDE-30 $2FID 

lok: 39491780 78

exp: 39491780 78 1 #EPN
201B/01 $018-11-16 $t13:08:18.000 
201U/01 $0utf8 
203@/01 $0791216381 
208@/01 $a12-11-16 $be 
209A/01 $a/ $f000 $x00 
220C/01 $aTitelaufnehmer: pg 
220C/01 $aHerkunft: HI Marburg 
244Z/01 $2Trx $#arvustused $#recenzijos $#Reviews $#recenziók $#recenzje $#recenzie $#recenze $8--Trx--Rezensionen $x01 $9391357441 
244Z/01 $2Trx $8--Trx--elektronische Ressource $x02 $939138452X 
247C/01 $82080>Marburg/Lahn, Herder-Institut, Forschungsbibliothek, Bibliographieportal $9336309341
LEADER 00000caa a22000002c 4500
001 394917804
003 DE-603
005 20181227112250.0
007 cr||||||||||||
008 161112s2009 xx |||| o| u00||u|ger c
035 |a (DE-599)HEB394917804 
040 |a DE-603  |b ger  |c DE-603  |d DE-603 
041 |a ger 
084 |a AVL  |q DE-30  |2 fid 
100 1 |a Petersen, Hans-Christian 
245 0 0 |a Forum für osteuropäische Ideen- und Zeitgeschichte. - Stuttgart  |b Ibidem-Verl.. - 1997 [Rezension] 
264 0 |c 2009 
500 |a Rezension des Bandes 12, (2008) zum thema "Deutsche Russlandbilder im 20. und 21. Jahrhundert" 
773 0 8 |i In  |t Wissenschaftlicher Literaturanzeiger  |d Wetzlar : Verlag der Göttinger Miszellen, 2004-  |h Online-Ressource  |x 0341-8723  |g Band 48, Heft 1 (2009)  |w (DE-603)126249717  |w (DE-600)2175265-5 
787 0 8 |i Rezension von  |t Forum für osteuropäische Ideen- und Zeitgeschichte  |d Stuttgart : Ibidem-Verl., 1997-  |x 1433-4887  |w (DE-603)055401252  |w (DE-600)1398082-8 
856 |u http://www.wla-online.de/katalogdetail/items/2631.html  |x Verlag 
924 1 |9 2080  |a (DE-603)791216381  |b DE-2080  |c HES  |d d  |g /